000 00623nam a22002177a 4500
003 UA-OsUOA
001 65991
007 ta
008 20091215b un ||||| |||| 00| 0 ukr d
100 _aАхмедова Г.Р.
090 _a32
_bА95
942 _cSA
040 _aUA-OsUOA
_brus
_cUA-OsUOA
_dUA-OsUOA
245 _aИсторические аспекты развития международных отношений
300 _aС.39-40
955 _a0
041 _arus
080 _a32
773 0 _w65988
_tВопросы гуманитарных наук
_dМ.
_d2009
_g3
650 7 _a32 Політика
_2UDC
999 _c351768
_d351768